UBT Library

Culture connection : (Record no. 493)

000 -LEADER
fixed length control field 00537nam a22001817a 4500
005 - DATE AND TIME OF LATEST TRANSACTION
control field 20140621053554.0
008 - FIXED-LENGTH DATA ELEMENTS--GENERAL INFORMATION
fixed length control field 110811s2012 nyua b 000 0 eng
020 ## - INTERNATIONAL STANDARD BOOK NUMBER
International Standard Book Number 9780071788762
024 #0 - OTHER STANDARD IDENTIFIER
Terms of availability eng
080 ## - UNIVERSAL DECIMAL CLASSIFICATION NUMBER
Universal Decimal Classification number 008
100 1# - Rafti
Rafti Parker, Marty.
245 10 - TITLE STATEMENT
Title Culture connection :
Statement of responsibility, etc Marty Parker.
250 ## -
-- 1 st.ed:
260 ## -
-- New York :
-- McGraw-Hill,
-- 2012.
300 ## -
-- 215 f. :
-- me il.;
-- 23 cm.
650 #0 -
-- Kultura
942 ## - ADDED ENTRY ELEMENTS (KOHA)
Source of classification or shelving scheme
Item type Books
Holdings
Withdrawn status Lost status Damaged status Not for loan Date acquired Total Checkouts Date last seen Price effective from Koha item type Source of classification or shelving scheme Collection code Permanent location Current location Shelving location Full call number Barcode
        06/21/2014   06/21/2014 06/21/2014 Books              
        10/16/2017   10/16/2017 10/16/2017 Books   Koleksioni i përgjithshem UBT - Lipjan UBT - Lipjan Koleksioni i përgjithshem 331.101.262 PAR 002-2931739
UBT Library © 2015-2024. All rights reserved University Education for Business and Technology